| 000 | 00000nam 2200000za 4500 |
| 001 | 9.841059 |
| 003 | CaOODSP |
| 005 | 20221107152009 |
| 007 | cr ||||||||||| |
| 008 | 170804q2011 onca o f000 0 fre d |
| 040 | |aCaOODSP|bfre |
| 043 | |an-cn--- |
| 086 | 1 |aHP60-8/2011F-PDF |
| 245 | 00|aSurveillance nationale de la sensibilité aux antimicrobiens de Neisseria gonorrhoeae |h[ressource électronique] : |brapport sommaire 2005-2008 / |célaboré par : Irene Martin ... [et al.]. |
| 260 | |aWinnipeg, Man. : |bAgence de la santé publique du Canada, Laboratoire national de microbiologie, |c[2011] |
| 300 | |a22 p. : |bgraphiques |
| 500 | |aPubl. aussi en anglais sous le titre : National surveillance of antimicrobial susceptibilities of Neisseria gonorrhoeae: summary report 2005-2008. |
| 500 | |aPublié par « Unité des streptocoques et des ITS Division de la bactériologie et des maladies entériques, Laboratoire national de microbiologie, Agence de la santé publique du Canada. » |
| 504 | |aComprend des références bibliographiques. |
| 520 | |a« Neisseria gonorrhoeae est l’agent étiologique de la gonorrhée, la deuxième infection bactérienne transmise sexuellement la plus couramment déclarée au Canada, avec 12 723 cas signalés en 2008 ... »--Intro. |
| 692 | 07|2gccst|aMaladie transmise sexuellement |
| 700 | 1 |aMartin, Irene. |
| 710 | 2 |aProgramme des maladies entériques (Canada). |
| 710 | 2 |aLaboratoire national de microbiologie (Canada) |
| 710 | 2 |aAgence de santé publique du Canada. |
| 775 | 08|tNational surveillance of antimicrobial susceptibilities of Neisseria gonorrhoeae |w(CaOODSP)9.841046 |
| 856 | 40|qPDF|s237 Ko|uhttps://publications.gc.ca/collections/collection_2017/aspc-phac/HP60-8-2011-fra.pdf |